[Event "ECU-ch U20"]
[Site "Guayaquil"]
[Date "2020.02.23"]
[Round "8"]
[White "Echeverria Bravo, Juan Sebastian"]
[Black "Andrade Puente, Robinson Steven"]
[Result "0-1"]
[WhiteElo "1625"]
[BlackElo "1591"]
[PlyCount "56"]
[EventDate "2020.02.19"]
[EventType "swiss"]
[EventRounds "9"]
[EventCountry "ECU"]
[SourceTitle "CBM 195 Extra"]
[Source "ChessBase"]
[SourceDate "2020.05.31"]
[SourceVersion "1"]
[SourceVersionDate "2020.05.31"]
[SourceQuality "1"]

1. e4 c5 2. Nf3 g6 3. d4 cxd4 4. Qxd4 Nf6 5. e5 Nc6 6. Qa4 Nd5 7. Qe4 Nb6 8. Bd3 d5 9. Qe2 Bg7 10. h3 0-0 11. 0-0 Qc7 12. Bf4 f6 13. exf6 Qxf4 14. fxg7 Kxg7 15. Bb5 Rf7 16. Bxc6 bxc6 17. Qe5+ Qf6 18. b3 Nd7 19. Qxf6+ Kxf6 20. Nbd2 e5 21. Rfe1 e4 22. Nd4 Bb7 23. f3 Ke5 24. c3 c5 25. Nc2 Raf8 26. fxe4 dxe4 27. Ne3 Nf6 28. Nec4+ Kf5 0-1

[Event "ECU-ch U20"]
[Site "Guayaquil"]
[Date "2020.02.19"]
[Round "2"]
[White "Andrade Puente, Robinson Steven"]
[Black "Ramos Bayas, David Santiago"]
[Result "0-1"]
[WhiteElo "1591"]
[BlackElo "1801"]
[PlyCount "42"]
[EventDate "2020.02.19"]
[EventType "swiss"]
[EventRounds "9"]
[EventCountry "ECU"]
[SourceTitle "CBM 195 Extra"]
[Source "ChessBase"]
[SourceDate "2020.05.31"]
[SourceVersion "1"]
[SourceVersionDate "2020.05.31"]
[SourceQuality "1"]

1. g3 d5 2. Bg2 Nf6 3. Nf3 c5 4. c4 Nc6 5. 0-0 e5 6. cxd5 Nxd5 7. d3 Be7 8. Nc3 Nc7 9. a4 Be6 10. a5 0-0 11. Qa4 f6 12. Rd1 Qd7 13. e3 b5 14. Qc2 Rfd8 15. d4 exd4 16. exd4 cxd4 17. Bf4 d3 18. Bxc7 dxc2 19. Rxd7 Rxd7 20. Bf4 b4 21. Ne2 Rd1+ 0-1

[Event "South America-ch U20 13th"]
[Site "Manta"]
[Date "2017.04.27"]
[Round "4"]
[White "Andrade Puente, Robinson Steven"]
[Black "Escobar, Lauro"]
[Result "0-1"]
[WhiteElo "1547"]
[BlackElo "2118"]
[PlyCount "56"]
[EventDate "2017.04.25"]
[EventType "swiss"]
[EventRounds "9"]
[EventCountry "ECU"]
[SourceTitle "CBM 178 Extra"]
[Source "ChessBase"]
[SourceDate "2017.06.22"]
[SourceVersion "1"]
[SourceVersionDate "2017.06.22"]
[SourceQuality "1"]

1. e4 c5 2. Nf3 Nc6 3. d3 e6 4. g3 d5 5. Nbd2 Nf6 6. Bg2 Be7 7. 0-0 b6 8. Re1 Bb7 9. e5 Nd7 10. Nf1 Qc7 11. Bf4 h6 12. h4 0-0-0 13. c3 Rdg8 14. d4 g5 15. hxg5 hxg5 16. Be3 Kb8 17. N3h2 Rh7 18. Ng4 Rgh8 19. Qd2 cxd4 20. Bxd4 Nc5 21. Nfh2 Ne4 22. Bxe4 dxe4 23. Rxe4 Nxd4 24. Rxd4 Qc6 25. f3 Bc5 26. Qxg5 Bxd4+ 27. cxd4 Qc2 28. Rc1 Qxb2 0-1